| 000 | 01259nam a2200229Ia 4500 | ||
|---|---|---|---|
| 003 | OSt | ||
| 005 | 20241008133926.0 | ||
| 007 | ca aa aaaaa | ||
| 008 | 201103s9999 xx 000 0 und d | ||
| 040 | _cSSBUL | ||
| 041 | _abur | ||
| 082 |
_223 _a၂၉၄.၃၄၃၅ စိုး _b၉၂၂၁ S-SAT |
||
| 100 | 0 |
_a စိုးမှူး၊ ရွှေဘို- _917384 |
|
| 245 | 1 | 0 |
_aပြည်တော်ပြန် ရန်အောင်မြင် နန်းဦးဒက္ခိဏသာခါဘုရားကြီး သမိုင်း / _cရွှေဘို စိုးမှူး၊ ရှာဖွေစုဆောင်းသူ ရွှေဘိုရန်အောင်။ |
| 260 |
_aရန်ကုန် ၊ _bအသိုင်းအဝိုင်းစာပေ၊ _c၁၉၉၈။ |
||
| 300 |
_a၁၀၂ စာမျက်နှာ ၊ _c၁၈ စင်တီ။ |
||
| 500 | _aS-SAT: Dr Sai Aung Tun | ||
| 650 |
_aစေတီပုထိုး _912797 |
||
| 650 |
_aနန်းဦးဒက္ခိဏသာခါဘုရား _vသမိုင်း _954947 |
||
| 700 |
_aရွှေဘိုရန်အောင် _eရှာဖွေစုဆောင်းသူ _954948 |
||
| 942 |
_2ddc _cBK1 |
||
| 999 |
_c16789 _d16789 |
||